000
002620000a22000970004500
100
1
_a
Bascom, Roberto
245
1
0
_a
La crítica textual y la Biblia hebrea
300
_a
Vol. 54, Núm 240 (1999), Páginas 17-21
773
0
_t
La Biblia de las Américas
942
_c
ANA
999
_c
51523
_d
51523